Top 20 miejsc turystycznych w Małopolsce - foto quiz - Statystyki

Ogólne statystyki
  • Ten quiz został rozwiązany 15 razy
  • Średni wynik to 12 z 20
Statystyki odpowiedzi
Obrazkowy Hint Odpowiedź % Poprawnych
miasto Kraków
100%
miasto Zakopane
100%
obiekt UNESCO Kopalnia soli Wieliczka
93%
miasto Wadowice
86%
obóz koncentracyjny KL Auschwitz
79%
park narodowy Pieniński Park Narodowy
79%
obszar Pustynia Błędowska
79%
park rozrywki Energylandia
71%
makroregion Jura Krakowsko-Częstochowska
64%
park narodowy Ojcowski Park Narodowy
64%
park narodowy Tatrzański Park Narodowy
64%
miasto Tarnów
57%
park narodowy Babiogórski Park Narodowy
50%
miasto Kalwaria Zebrzydowska
43%
obiekt UNESCO Kopalnia soli Bochnia
36%
miasto Nowy Sącz
36%
obiekt Zamek w Niedzicy
36%
miasto Krynica-Zdrój
21%
wieś Zalipie
21%
miasto Stary Sącz
14%
Nie znaleziono quizów pasujących do podanych kryteriów
Rozkład punktacji
Procent ludzi z każdym wynikiem
Percentyl według liczby udzielonych odpowiedzi
Twoja historia wyników
Nie rozwiązałeś tego quizu